Statistics for Flags of Africa Quiz

Click here to take the quiz!

General Stats

  • This quiz has been taken 81,274 times
  • The average score is 29 of 54

Answer Stats

Answer% Correct
South Africa
99%
Kenya
89%
Egypt
88%
Algeria
83%
Tunisia
82%
Nigeria
79%
Liberia
74%
Angola
73%
Uganda
72%
Ivory Coast
70%
Tanzania
70%
Morocco
68%
Seychelles
66%
Eswatini
65%
Libya
63%
Somalia
58%
Ethiopia
58%
Mauritania
58%
Ghana
58%
Sudan
56%
Cameroon
55%
Cape Verde
54%
Burundi
53%
Zimbabwe
53%
Niger
53%
Malawi
53%
Chad
52%
Botswana
52%
Comoros
51%
Lesotho
50%
Mozambique
50%
Senegal
50%
South Sudan
49%
Zambia
48%
Madagascar
47%
D.R. Congo
47%
Eritrea
46%
Togo
45%
Central African Republic
44%
Burkina Faso
43%
Benin
41%
Mali
41%
Sao Tome & Principe
38%
Djibouti
38%
Gabon
38%
Rwanda
38%
Rep. of the Congo
37%
Namibia
37%
Sierra Leone
36%
Guinea
36%
Mauritius
35%
Equatorial Guinea
33%
Guinea-Bissau
33%
Gambia
32%

Score Distribution

Percentile by Number Answered

Percent of People with Each Score

Your Score History

You have not taken this quiz